00737nam a2200217 i 450000500170000000800410001702000390005804000250009708200140012210000280013624500600016426400560022430000400028033600210032033700250034133800230036665000360038965000210042565000440044670000290049020260625143032.0260625s2024 my o gr 000 0 may d a9786299919230cRM49.00qpaperback  aPPAKbengcPPAKerda04223a158.10 aHafizul Faiz, eauthor.10aTENTANG TAKDIR /cHAFIZUL FAIZ ; Editor: Wahyuni Busyra 1aKajang, Selangor : bTentang Kita Sdn Bhd,c[2024?] a235 pages : bphotographs ; c19 cm atext2rdacontent aunmediated2rdamedia avolume2rdacarrier10aSelf-actualization (Psychology)20aSelf-acceptance 20aDevelopmental psychology and motivation0 aWahyuni Busyra,eeditor.